Statistics for All Countries with Formula One World Driver's Championships

Click here to take the quiz!

General Stats

  • This quiz has been taken 5,221 times
  • The average score is 13 of 15

Answer Stats

#AnswerMost Recent% Correct
12Germany2016
99%
20United Kingdom2020
99%
2Spain2006
96%
4France1993
95%
3Italy1953
95%
8Brazil1991
93%
3Netherlands2023
91%
2United States of America1978
91%
1Canada1997
85%
4Finland2007
85%
4Australia1980
83%
5Argentina1957
82%
4Austria1984
81%
1New Zealand1967
62%
1South Africa1979
56%

Score Distribution

Percentile by Number Answered

Percent of People with Each Score

Your Score History

You have not taken this quiz